000 00707cab a2200229 4500
001 WB3335-01
008 090401t1997 xxu||||| |||| 00| 0 eng d
035 _a(Sirsi) u80729
041 _aeng
245 _aConstruction output figures
260 _c1997
350 _a0
490 _aRICS Press Release
_v(pr88.cons) 5 September 1997, (2)
520 _aThe RICS believes that the construction output figures which are at their highest since 1991, shows that the industry`s recovery remains on track.
650 _aCONSTRUCTION INDUSTRY
650 _aCONSTRUCTION OUTPUT STATISTICS
650 _aRICS
650 _aWORKLOAD
690 _aBUILT ENVIRONMENT
942 _n0
948 _c09/09/1997
999 _c50824
_d50824